000 00667nam a2200205Ia 4500
003 IN-BaIIA
008 211028s9999 xx 000 0 eng d
020 _a0-7923-4885-0
040 _cIIA Library
080 _a52(082.1)
_bASS-226
245 0 _aObservational cosmology with the new radio surveys
_cedited by M. N. Bremer, N. Jackson and I. Perez-Fournon
260 _aDordrecht
_bKluwer Academic
_c1998
300 _axii, 345p.
650 _aCosmology
650 _aRadio survey
_921880
650 _aUniverse
_91987
700 _aJackson, N., ed.
_921144
700 _aPerez-Fournon, I., ed.
_921881
942 _cBK
999 _c12498
_d12498